Statistics for County Seats Of Wyoming

Click here to take the quiz!

General Stats

  • This quiz has been taken 40 times
  • The average score is 15 of 23

Answer Stats

CountySeat% Correct
LaramieCheyenne
95%
CampbellGillette
95%
NatronaCasper
90%
AlbanyLaramie
90%
TetonJackson
86%
ParkCody
81%
SweetwaterGreen River
81%
UintaEvanston
76%
________Sheridan
76%
Hot SpringsThermopolis
76%
FremontLander
71%
CarbonRawlins
71%
JohnsonBuffalo
62%
ConverseDouglas
62%
GoshenTorrington
62%
NiobraraLusk
52%
WashakieWorland
52%
LincolnKemmerer
48%
CrookSundance
48%
WestonNewcastle
43%
SublettePinedale
43%
Big HornBasin
38%
PlatteWheatland
38%

Score Distribution

Percentile by Number Answered

Percent of People with Each Score

Your Score History

You have not taken this quiz